[Event "SW Autumn Open"]
[Site "Pencoed"]
[Date "2016.10.09"]
[Round "5.5"]
[White "White, Ernest M"]
[Black "Whitehead, Mark A"]
[Result "1/2-1/2"]
[WhiteElo "1889"]
[BlackElo "1930"]
[PlyCount "40"]
[EventDate "2016.10.08"]
[EventType "swiss"]
[EventRounds "5"]
[EventCountry "WLS"]

1. e4 c5 2. Nf3 e6 3. d4 cxd4 4. Nxd4 a6 5. Bd3 Bc5 6. Nb3 Ba7 7. O-O Ne7 8. c4
d6 9. N1d2 Nbc6 10. Nf3 e5 11. Bd2 O-O 12. h3 Ng6 13. Qe2 Qe7 14. Rac1 h6 15.
a3 Be6 16. Kh2 Rac8 17. Na1 Rc7 18. b3 Rfc8 19. Be3 Bxe3 20. fxe3 Nb8 1/2-1/2

[Event "SW Autumn Open"]
[Site "Pencoed"]
[Date "2016.10.09"]
[Round "5.6"]
[White "McCarthy, Damian"]
[Black "James, Dai"]
[Result "1/2-1/2"]
[WhiteElo "1878"]
[BlackElo "1897"]
[PlyCount "42"]
[EventDate "2016.10.08"]
[EventType "swiss"]
[EventRounds "5"]
[EventCountry "WLS"]

1. e4 e6 2. d4 d5 3. Nc3 dxe4 4. Nxe4 Nd7 5. Nf3 Ngf6 6. Bg5 Be7 7. Bxf6 Nxf6
8. Bd3 O-O 9. Qd2 b6 10. Nxf6+ Bxf6 11. Be4 Rb8 12. O-O-O Bb7 13. Bxb7 Rxb7 14.
Kb1 c5 15. dxc5 Qxd2 16. Rxd2 bxc5 17. c4 Rfb8 18. b3 a5 19. Kc2 Kf8 20. Rd6 a4
21. Rb1 axb3+ 1/2-1/2